| 000 | 00339nam a22001337a 4500 | ||
|---|---|---|---|
| 020 | _a9788131512463 | ||
| 082 |
_a625.7 _bGAR/PR |
||
| 100 |
_aGarber,Nicholas J. _9654 |
||
| 100 |
_aRaju Sarkar _9655 |
||
| 245 | _aPrinciples of Traffic and Highway Engineering | ||
| 260 |
_aNew Delhi _bCengage Learning _c2012 |
||
| 300 | _a991 | ||
| 942 | _cBK | ||
| 999 |
_c14405 _d14405 |
||